| 000 | 00559nam a2200157 a 4500 | ||
|---|---|---|---|
| 001 | 000029804 | ||
| 005 | 20200930055823.0 | ||
| 008 | 110426s1984 dr 000 0 spa d | ||
| 040 |
_aDO-SdBNP _bspa _cBNPHU |
||
| 082 |
_axxx _bP273p |
||
| 110 | 2 |
_aPartido Comunista Dominicano _936532 |
|
| 245 | 1 | 0 | _aProblemas del desarrollo y la organizacion del Partido Comunista Dominicano. |
| 260 |
_aSanto Domingo : _bPCD, _c1984. |
||
| 300 |
_a59 p. ; _c20 cm. |
||
| 500 | _aDocumento aprobado por el III Congreso del Partido Comunista Dominicano, 16, 17, 18 marzo de 1984 | ||
| 999 |
_c29296 _d29296 |
||